Metanoia : el valor supremo de nuestra vida /

El autor aplica los principios de la psicología esencial para plantear a través de sus veinte temas que el hombre puede caminar a la autorrealización, encontrarse consigo mismo, vivir feliz y en plenitud. El define a la psicología esencial como "la ciencia que trata de la felicidad, la conciencia, e...

Descripción completa

Guardado en:
Detalles Bibliográficos
Autor principal: Pinedo Rojas, Emeterio (autor)
Formato: Libro
Idioma:Español
Publicado: Guadalajara, México : Atman, 2006, c2006
Colección:(Psicología Esencial)
Temas:
Etiquetas: Agrega una etiqueta
Sin etiquetas, Sé el primero en etiquetar este registro!

MARC

LEADER 00000nam^a2200000^a^4500
001 000346277
005 20250521000000.0
009 20260310114741.985
020 |a 970-9890-02-6 
025 |a Donación Jorge Manzano Vargas, 1 ejemplar 
037 |a Acervo Xavier Clavigero 
041 |a ESP 
082 |a 158. 1  |b PIN 
100 |a Pinedo Rojas, Emeterio  |e (autor) 
245 1 0 |a Metanoia :  |b el valor supremo de nuestra vida /  |c E. Pinedo Rojas. 
264 4 |a Guadalajara, México :  |b Atman,  |c 2006, c2006 
300 |a 243 p. 
336 |a texto  |b txt  |2 rdacontenido 
337 |a sin mediación  |b n  |2 rdamedio 
338 |a volumen  |b nc  |2 rdasoporte 
440 1 |a (Psicología Esencial) 
520 |a El autor aplica los principios de la psicología esencial para plantear a través de sus veinte temas que el hombre puede caminar a la autorrealización, encontrarse consigo mismo, vivir feliz y en plenitud. El define a la psicología esencial como "la ciencia que trata de la felicidad, la conciencia, el alma, el espíritu y la autorrealización o la iluminación humana, así como las enseñanzas milenarias..." 
649 |a XX 
650 |a Conciencia 
650 |a Alma y Cuerpo 
650 |a Felicidad 
650 |a Superación Personal y Autoayuda 
650 |a Desarrollo Humano -  |x Tema Principal 
650 |a Salud Mental 
650 |a Psicología 
910 |a Fondo Jorge Manzano Vargas S.J. 
920 |a Impresos - Libros 
930 |a Fondos Especiales 
905 |a 120 
901 |a 0500236626  |b IT2  |c ESP  |i FXC D  |u 20250521 
902 |a https://opac.biblio.iteso.mx/vufind/Record/000346277